Language Quiz

Random Language or Latin Quiz

Latin Noun & Adjective Pairs Quiz Stats

Quiz not verified by Sporcle

Challenge
Share
Tweet
Embed
Score 0/60 Timer 10:00
0 Plays Today
% Correct
omnis puella
91.7%
omnis puellae
82%
omni puellae
77.8%
omnem puellam
74.1%
omni puella
64.7%
omnes puellae
64.5%
omnis puer
58.8%
omnibus puellis
58.5%
omnis pueri
58.5%
omnes puellas
57.5%
omnibus puellis
57.4%
omnium puellarum
56.6%
omni puero
55.5%
omnem puerum
55%
omni puero
51.1%
omnes pueri
50.4%
omnibus pueris
48.9%
omnes pueros
48%
omnibus pueris
48%
omnium puerorum
47.4%
omnis templi
43.4%
omne templum
42.8%
omni templo
42.5%
omni templo
38.8%
omne templum
38.6%
magna vox
36.6%
omnium templorum
35.1%
magnae vocis
34.8%
omnibus templis
34.7%
magnae voci
34.3%
% Correct
magnam vocem
33.9%
omnia templa
33.6%
magna voce
33.1%
omnibus templis
33.1%
magnae voces
32%
omnia templa
31.1%
magnis vocibus
30.6%
stultus homo
30.4%
magnarum vocum
30.2%
magnas voces
29.1%
magnis vocibus
28.9%
stulti hominis
27.8%
stulto homini
26.9%
stultum hominem
25.4%
stulto homine
25.4%
stulti homines
24.3%
stultorum hominum
23.4%
stultos homines
22.8%
stultis hominibus
22.8%
stultis hominibus
22.7%
pulchrum nomen
22.7%
pulchri nominis
20.8%
pulchro nomini
19.5%
pulchrum nomen
17.3%
pulchro nomine
17.3%
pulchrorum nominum
15.7%
pulchra nomina
15.5%
pulchris nominibus
15.1%
pulchra nomina
13.6%
pulchris nominibus
13.6%

You're not logged in!

Compare scores with friends on all Sporcle quizzes.
Sign Up with Email
OR
Log In

You Might Also Like...

Show Comments

Extras

Top Quizzes Today


Score Distribution

Your Account Isn't Verified!

In order to create a playlist on Sporcle, you need to verify the email address you used during registration. Go to your Sporcle Settings to finish the process.

Report this User

Report this user for behavior that violates our Community Guidelines.

Details: